00290nam a22001097a 4500008004100000020001500041100001900056245003700075250001200112260004000124300001600164180720b xxu||||| |||| 00| 0 eng d a1285081978 aFarrell, Joyce aJaVa Programming cJoyce Farrell a7th ed. aAustralia bCengage Learning c2014 axxx, 1084p.